Statistics for U.S. States With The Lowest Voter Turnout

Click here to take the quiz!

General Stats

  • This quiz has been taken 30 times
  • The average score is 6 of 10

Answer Stats

#State% VEP% Correct
6Arkansas52.80%
72%
9Mississippi55.20%
72%
4Texas51.40%
72%
1Hawaii42.30%
68%
7New Mexico54.50%
68%
5Oklahoma52.30%
64%
2West Virginia50.20%
60%
8Arizona54.90%
56%
10Indiana56.40%
48%
3Tennessee51.10%
48%

Score Distribution

Percentile by Number Answered

Percent of People with Each Score

Your Score History

You have not taken this quiz